000 00738cam a2200277 u 4500
003 UPN
005 20240806063948.0
008 170825s1998 mx gr 000 f spa d
020 _a968165529X
035 _aUPN01000219953
040 _aMX-MxUPN
_bspa
_cMX-MxUPN
049 _aCG
050 4 _aPQ7297 A775
_bM45 1998
100 1 _aAridjis, Homero,
_d1940-
_928750
245 1 0 _aMemorias del nuevo mundo
250 _aSegunda edición
260 _aMéxico :
_bCONACULTA :
_bFCE,
_c1998.
300 _a394 páginas
490 0 _aTierra firme
650 4 _aNovela mexicana
_94557
650 4 _aLiteratura mexicana
_94466
902 _bVíctorGodínez/211022/M
905 _aLibro
942 _2lcc
_cLIBRO
999 _c192052
_d192052